| 000 | 00750nam a2200229Ia 4500 | ||
|---|---|---|---|
| 005 | 20220822152744.0 | ||
| 008 | 210716s2004 xx 000 0 und d | ||
| 020 | _a9788126508930 | ||
| 040 | _cAIMIT LIBRARY | ||
| 041 | _aeng | ||
| 082 |
_a005.30287 _23 _bPERW |
||
| 100 |
_aPerry, William E. _955172 |
||
| 245 |
_aEffective methods for software testing / _cBy William E Perry. |
||
| 250 | _a3rd ed. | ||
| 260 |
_aNew York : _bJohn Wiley and Sons , _c2004. |
||
| 300 |
_axx,812 p. ; _c24.5 cm. |
||
| 650 |
_aBuilding the software testing process _955173 |
||
| 650 |
_aBuilding software tester competency _955174 |
||
| 650 |
_aDeveloping the test plan _955175 |
||
| 650 |
_aVerification testing _955176 |
||
| 942 |
_2ddc _cBK _e3rd _k005.30287 PERW |
||
| 999 |
_c186424 _d186424 |
||